Solutions pre-intermediate : workbook /

Guardado en:
Autor Principal: Falla, Tim
Formato: Libro
Publicado: New York : Oxford University, c2008
Materias:
Etiquetas: Agregar Etiqueta
Sin Etiquetas, Sea el primero en etiquetar este registro!
LEADER 00601nam a22001935a 4500
001 CEM.cems013683
005 20120531172719.0
008 130507b######################000#0#####d
003 CEMS
020 |a 9780194551700 
082 0 4 |a 428.64 
100 1 |a Falla, Tim 
245 1 0 |a Solutions pre-intermediate :  |b workbook /  |c Tim Falla y Paul A. Davies 
260 |a New York :  |b Oxford University, c2008 
300 |a 120 p. 
653 |a Inglés 
653 |a Inglés-texto 
859 |a CEMS  |b BIB. CEMS - 11 de abril  |h 428.64  |i F185-7  |p 2773.44  |t Ej.1 
859 |a CEMS  |b BIB. CEMS - 11 de abril  |h 428.64  |i F185-7  |p 2774.44  |t Ej.2